| 000 | 00588nam a22001457a 4500 | ||
|---|---|---|---|
| 005 | 20120501135040.0 | ||
| 020 |
_a0195681479 _c225.00 |
||
| 035 | _aB-225895 | ||
| 037 |
_aDPL _bENG |
||
| 245 |
_aIntroducing human rights : _bAn overview including issues of gender justice, environmental and consumer law / _cby South Asia Human Rights Documentation Centre |
||
| 260 |
_aNew Delhi _bOxford University Press _c2007 |
||
| 300 |
_axviii, 261p. _c20 cms. |
||
| 942 |
_2ddc _cEN _h323 _mINT |
||
| 999 |
_c65905 _d65905 |
||